000
00218nam a2200085Ia 4500
008
120527s9999 xx 000 0 und d
100
_a
Anderson, et al
245
_a
An introduction to mathematical statistics
942
_c
BK
999
_c
27843
_d
27843